"10 Things I Hate About You" Poem - Statistics

General Stats
  • This quiz has been taken 125 times
  • The average score is 102 of 124
Answer Stats
% Correct
hate
100%
I
100%
the
100%
way
100%
you
100%
you.
100%
a
98%
me,
91%
me
91%
when
87%
and
85%
even
85%
make
85%
your
83%
cry.
81%
hair.
81%
it
81%
it,
81%
not
81%
Not
81%
don't
79%
at
77%
laugh,
74%
talk
74%
all.
72%
boots,
72%
little
72%
stare.
72%
to
72%
my
70%
bit.
68%
combat
68%
big
66%
car.
64%
drive
64%
that
64%
But
60%
cut
60%
dumb
57%
around,
55%
call.
55%
fact
55%
makes
55%
you're
55%
so
53%
didn't
51%
much
51%
read
51%
worse
51%
mind.
49%
mostly
47%
rhyme.
45%
always
43%
sick;
40%
lie.
38%
right.
34%
close.
30%
No matching quizzes found
Score Distribution
Percent of People with Each Score
Percentile by Number Answered
Your Score History
You have not taken this quiz